Иодид висмута (III) в анализе алкилфенольных присадок к нефтепродуктам; Известия Томского политехнического университета [Известия ТПУ]; Т. 308, № 6
| Parent link: | Известия Томского политехнического университета [Известия ТПУ]/ Томский политехнический университет (ТПУ).— , 2000- Т. 308, № 6.— 2005.— [С. 118-121] |
|---|---|
| Άλλοι συγγραφείς: | , , , |
| Περίληψη: | Заглавие с титульного листа Электронная версия печатной публикации Изучена возможность применения насыщенного спиртового раствора иодида висмута в анализе алкилфенольных присадок к моторным маслам марок (М-8В1, М-8В2, М-10Г2к, М5з/10Г) и к ружейным смазкам марок (РЖ, РЖ10, РЖУ). Тонкослойные хроматограммы, детектированные насыщенным спиртовым раствором иодида висмута, имеют более широкий спектральный диапазон окрашивания и контрастность по сравнению с хроматограммами, детектированными в парах йода. При этом значительно (более трех лет) увеличивается срок хранения детектированных хроматограмм. Методами тонкослойной хроматографии и ИК-Фурье спектроскопии изучено взаимодействие иодида висмута с фенолом и установлено образование нового продукта реакции. |
| Γλώσσα: | Ρωσικά |
| Έκδοση: |
2005
|
| Σειρά: | Технические науки |
| Θέματα: | |
| Διαθέσιμο Online: | http://www.lib.tpu.ru/fulltext/v/Bulletin_TPU/2005/v308/i6/26.pdf |
| Μορφή: | Ηλεκτρονική πηγή Κεφάλαιο βιβλίου |
| KOHA link: | https://koha.lib.tpu.ru/cgi-bin/koha/opac-detail.pl?biblionumber=170853 |
MARC
| LEADER | 00000nla2a2200000 4500 | ||
|---|---|---|---|
| 001 | 170853 | ||
| 005 | 20231031163832.0 | ||
| 035 | |a (RuTPU)RU\TPU\book\185266 | ||
| 035 | |a RU\TPU\book\185264 | ||
| 090 | |a 170853 | ||
| 100 | |a 20091126d2005 k y0rusy50 ca | ||
| 101 | 0 | |a rus | |
| 102 | |a RU | ||
| 135 | |a drnn ---uucaa | ||
| 181 | 0 | |a i | |
| 182 | 0 | |a b | |
| 200 | 1 | |a Иодид висмута (III) в анализе алкилфенольных присадок к нефтепродуктам |b Электронный ресурс |f О. И. Пугачева [и др.] | |
| 203 | |a Текст |c электронный | ||
| 215 | |a 1 файл (155 Кб) | ||
| 225 | 1 | |a Технические науки | |
| 230 | |a Электронные текстовые данные (1 файл : 155 Кб) | ||
| 300 | |a Заглавие с титульного листа | ||
| 300 | |a Электронная версия печатной публикации | ||
| 320 | |a [Библиогр.: с. 121 (17 назв.)] | ||
| 330 | |a Изучена возможность применения насыщенного спиртового раствора иодида висмута в анализе алкилфенольных присадок к моторным маслам марок (М-8В1, М-8В2, М-10Г2к, М5з/10Г) и к ружейным смазкам марок (РЖ, РЖ10, РЖУ). Тонкослойные хроматограммы, детектированные насыщенным спиртовым раствором иодида висмута, имеют более широкий спектральный диапазон окрашивания и контрастность по сравнению с хроматограммами, детектированными в парах йода. При этом значительно (более трех лет) увеличивается срок хранения детектированных хроматограмм. Методами тонкослойной хроматографии и ИК-Фурье спектроскопии изучено взаимодействие иодида висмута с фенолом и установлено образование нового продукта реакции. | ||
| 337 | |a Adobe Reader | ||
| 461 | 1 | |0 (RuTPU)RU\TPU\book\176237 |t Известия Томского политехнического университета [Известия ТПУ] |f Томский политехнический университет (ТПУ) |d 2000- | |
| 463 | 1 | |0 (RuTPU)RU\TPU\book\185177 |t Т. 308, № 6 |v [С. 118-121] |d 2005 |p 275 с. | |
| 610 | 1 | |a иодид висмута | |
| 610 | 1 | |a алкилфенольные присадки | |
| 610 | 1 | |a нефтепродукты | |
| 610 | 1 | |a спиртовые растворы | |
| 610 | 1 | |a моторные масла | |
| 610 | 1 | |a ружейные смазки | |
| 610 | 1 | |a хроматограммы | |
| 610 | 1 | |a спектральные диапазоны | |
| 610 | 1 | |a окрашивания | |
| 610 | 1 | |a контрастность | |
| 610 | 1 | |a пары | |
| 610 | 1 | |a йод | |
| 610 | 1 | |a сроки хранения | |
| 610 | 1 | |a детектированные хроматограммы | |
| 610 | 1 | |a тонкослойная хроматография | |
| 610 | 1 | |a методы | |
| 610 | 1 | |a ИК-Фурье спектроскопия | |
| 610 | 1 | |a фенолы | |
| 610 | 1 | |a продукты реакции | |
| 610 | 1 | |a электронный ресурс | |
| 701 | 1 | |a Пугачева |b О. И. | |
| 701 | 1 | |a Бугерко |b Л. Н. | |
| 701 | 1 | |a Суровой |b Э. П. | |
| 701 | 1 | |a Пугачев |b В. М. | |
| 801 | 1 | |a RU |b 63413507 |c 20090623 |g PSBO | |
| 801 | 2 | |a RU |b 63413507 |c 20211013 |g PSBO | |
| 856 | 4 | |u http://www.lib.tpu.ru/fulltext/v/Bulletin_TPU/2005/v308/i6/26.pdf | |
| 942 | |c CF | ||